Competitividad turística como motor de desarrollo regional (Record no. 107306)

MARC details
000 -LEADER
campo de control de longitud fija 03480nac a2200577 a 4500
003 - IDENTIFICADOR DE NÚMERO DE CONTROL
campo de control CO-PeBPM
005 - FECHA Y HORA DE LA ÚLTIMA TRANSACCIÓN
campo de control 20260407173400.0
007 - CAMPO FIJO DE DESCRIPCIÓN FÍSICA--INFORMACIÓN GENERAL
campo de control de longitud fija ta
008 - DATOS DE LONGITUD FIJA--INFORMACIÓN GENERAL
campo de control de longitud fija 260407s2019 ck a|||| |||| 00| 0 spa d
020 ## - NÚMERO INTERNACIONAL ESTÁNDAR DEL LIBRO
Número Internacional Estándar del Libro 9789587601572
040 ## - FUENTE DE CATALOGACIÓN
Centro catalogador/agencia de origen CO-PeBPM
Lengua de catalogación spa
Centro/agencia transcriptor CO-PeBPM
Normas de descripción rda
041 ## - CÓDIGO DE IDIOMA
Código de lengua del texto/banda sonora o título independiente spa
082 04 - NÚMERO DE LA CLASIFICACIÓN DECIMAL DEWEY
Número de clasificación 338.47910986126 C737c
Número de edición 22
100 1# - ENTRADA PRINCIPAL--NOMBRE DE PERSONA
Nombre de persona Montenegro-Velandia, Wilson
Término indicativo de función/relación Investigador principal
245 10 - MENCIÓN DEL TÍTULO
Título Competitividad turística como motor de desarrollo regional
Resto del título : Un estudio del clúster de turismo en el Suroeste antioqueño
Mención de responsabilidad, etc. / Investigador principal Wilson Montenegro Velandia... [y otros diecisiete más]
250 ## - MENCION DE EDICION
Mención de edición Primera edición
264 ## - PRODUCCIÓN, PUBLICACIÓN, DISTRIBUCIÓN, FABRICACIÓN Y COPYRIGHT
Producción, publicación, distribución, fabricación y copyright Bogotá, Colombia
Nombre del de productor, editor, distribuidor, fabricante : Universidad Cooperativa de Colombia
Fecha de producción, publicación, distribución, fabricación o copyright , 2019
300 ## - DESCRIPCIÓN FÍSICA
Extensión 211 páginas
Otras características físicas ilustraciones, gráficos en blanco y negro
Dimensiones 24 centimetros
336 ## - TIPO DE CONTENIDO
Fuente rdacontent
Término de tipo de contenido texto
Código de tipo de contenido txt
337 ## - TIPO DE MEDIO
Fuente rdamedia
Nombre/término del tipo de medio sin mediación
Código del tipo de medio n
338 ## - TIPO DE SOPORTE
Fuente rdacarrier
Nombre/término del tipo de soporte volumen
Código del tipo de soporte nc
490 ## - MENCIÓN DE SERIE
Mención de serie Investigación en economía social y solidaria
500 ## - NOTA GENERAL
Nota general Incluye índice y anexos
500 ## - NOTA GENERAL
Nota general Contiene datos biográficos de los autores
500 ## - NOTA GENERAL
Nota general Contiene referencias bibliográficas al final del texto
520 ## - RESUMEN, ETC.
Sumario, etc. El crecimiento turístico es una tendencia en el siglo XXI, y más para Colombia, que en los últimos años ha vivido un proceso de transformación social y política, el cual ha fortalecido los indicadores de seguridad, por lo que el país se ha convertido en un destino turístico internacional muy apetecido. Con base en lo anterior, este libro presenta un modelo de desarrollo competitivo para el sector turismo en las fases de investigación e implementación. Para ello, se basa en la exposición del caso del suroeste antioqueño y parte de la pregunta por las estrategias pertinentes para conseguir la competitividad del clúster turismo en dicha subregión como motor de desarrollo. A partir de allí, se presentan conclusiones y recomendaciones que buscan aportar en la elección de las estrategias que deben aplicarse al momento de estandarizar los servicios en unidades productivas que quieran actuar como una red de empresas... Tomado de la contracubierta
650 17 - PUNTO DE ACCESO ADICIONAL DE MATERIA--TÉRMINO DE MATERIA
Término de materia o nombre geográfico como elemento de entrada Turismo
Fuente del encabezamiento o término LEMB
650 17 - PUNTO DE ACCESO ADICIONAL DE MATERIA--TÉRMINO DE MATERIA
Término de materia o nombre geográfico como elemento de entrada Comercio turístico
Fuente del encabezamiento o término LEMB
650 17 - PUNTO DE ACCESO ADICIONAL DE MATERIA--TÉRMINO DE MATERIA
Término de materia o nombre geográfico como elemento de entrada Competitividad
Fuente del encabezamiento o término LEMB
650 17 - PUNTO DE ACCESO ADICIONAL DE MATERIA--TÉRMINO DE MATERIA
Término de materia o nombre geográfico como elemento de entrada Identidad cultural - Suroeste antioqueño (Colombia)
Fuente del encabezamiento o término LEMB
651 1# - PUNTO DE ACCESO ADICIONAL DE MATERIA--NOMBRE GEOGRÁFICO
Nombre geográfico Suroeste antioqueño (Colombia) - Aspectos económicos
700 1# - ENTRADA AGREGADA--NOMBRE PERSONAL
Nombre de persona Arango Benjumea, Jhon Jaime
Término indicativo de función/relación autor
700 1# - ENTRADA AGREGADA--NOMBRE PERSONAL
Nombre de persona Acevedo Restrepo, Jhon Fredy
Término indicativo de función/relación autor
700 1# - ENTRADA AGREGADA--NOMBRE PERSONAL
Nombre de persona Bermúdez Cardona, Adriana Milena
Término indicativo de función/relación autor
700 1# - ENTRADA AGREGADA--NOMBRE PERSONAL
Nombre de persona Caicedo Valencia, Vícthor Manuel
Término indicativo de función/relación autor
700 1# - ENTRADA AGREGADA--NOMBRE PERSONAL
Nombre de persona Cartagena Rendón, Claudio Marco
Término indicativo de función/relación autor
700 1# - ENTRADA AGREGADA--NOMBRE PERSONAL
Nombre de persona Guerrero Gutiérrez, Jonathan
Término indicativo de función/relación autor
700 1# - ENTRADA AGREGADA--NOMBRE PERSONAL
Nombre de persona Marín Suárez, Carlos Andrés
Término indicativo de función/relación autor
700 1# - ENTRADA AGREGADA--NOMBRE PERSONAL
Nombre de persona Montoya Agudelo, César Alveiro
Término indicativo de función/relación autor
700 1# - ENTRADA AGREGADA--NOMBRE PERSONAL
Nombre de persona Muñoz Vélez, Tatiana Andrea
Término indicativo de función/relación autor
700 1# - ENTRADA AGREGADA--NOMBRE PERSONAL
Nombre de persona Pérez Villa, Pastor Emilio
Término indicativo de función/relación autor
700 1# - ENTRADA AGREGADA--NOMBRE PERSONAL
Nombre de persona Quintana Peláez, Gloria Estela
Término indicativo de función/relación autor
700 1# - ENTRADA AGREGADA--NOMBRE PERSONAL
Nombre de persona Restrepo Marín, Janeth del Carmen
Término indicativo de función/relación autor
700 1# - ENTRADA AGREGADA--NOMBRE PERSONAL
Nombre de persona Roldán Echeverri, Arnubio de Jesús
Término indicativo de función/relación autor
700 1# - ENTRADA AGREGADA--NOMBRE PERSONAL
Nombre de persona Uribe Castrillón, Víctor Hugo
Término indicativo de función/relación autor
700 1# - ENTRADA AGREGADA--NOMBRE PERSONAL
Nombre de persona Estrada Calle, Laura
Término indicativo de función/relación autor
700 1# - ENTRADA AGREGADA--NOMBRE PERSONAL
Nombre de persona Jaramillo Pulgarín, Diana Marcela
Término indicativo de función/relación autor
700 1# - ENTRADA AGREGADA--NOMBRE PERSONAL
Nombre de persona Taborda Tuirán, Joan Sebastián
Término indicativo de función/relación autor
942 ## - ELEMENTOS DE ENTRADA SECUNDARIOS (KOHA)
Fuente del sistema de clasificación o colocación Clasificación Decimal Dewey
Suprimir en OPAC No
Tipo de ítem Koha Libros
Holdings
Estatus retirado Estado de pérdida Fuente del sistema de clasificación o colocación Estado de daño No para préstamo Colección Biblioteca de origen Biblioteca actual Ubicación en estantería Fecha de adquisición Fuente de adquisición Total de préstamos Signatura topográfica completa Código de barras Visto por última vez Copia número Precio de reemplazo Tipo de ítem Koha
    Clasificación Decimal Dewey     General BIBLIOTECA PÚBLICA MUNICIPAL RAMON CORREA MEJIA BIBLIOTECA PÚBLICA MUNICIPAL RAMON CORREA MEJIA Colección general 07/10/2025 Aporte Universidad Cooperativa de Colombia - Pereira   338.47910986126 C737c 63636 07/04/2026 Ej. 1 07/04/2026 Libros
    Clasificación Decimal Dewey     General BIBLIOTECA PÚBLICA MUNICIPAL RAMON CORREA MEJIA BIBLIOTECA PÚBLICA MUNICIPAL RAMON CORREA MEJIA Colección general 07/10/2025 Aporte Universidad Cooperativa de Colombia - Pereira   338.47910986126 C737c 63637 07/04/2026 Ej. 2 07/04/2026 Libros
    Clasificación Decimal Dewey     General BIBLIOTECA PÚBLICA MUNICIPAL RAMON CORREA MEJIA BIBLIOTECA PÚBLICA MUNICIPAL RAMON CORREA MEJIA Colección general 07/10/2025 Aporte Universidad Cooperativa de Colombia - Pereira   338.47910986126 C737c 63638 07/04/2026 Ej. 3 07/04/2026 Libros

Powered by Koha